| 000 | 00629nam a22001337a 4500 | ||
|---|---|---|---|
| 999 |
_c525553 _d525553 |
||
| 008 | 240321b ||||| |||| 00| 0 eng d | ||
| 100 |
_aMcCleary, Rachel M. _944241 |
||
| 245 | _aSauer, Robert M., ed. The economics of religion | ||
| 260 | _aJournal of Economic Literature | ||
| 300 | _a61(4), Dec, 2023: p.1589-1592 | ||
| 520 | _aMcCleary, Rachel M. 2023. "Sauer, Robert M., ed. The Economics of Religion." Journal of Economic Literature, 61 (4): 1589-92.DOI: 10.1257/jel.61.4.1579.r7. Reproduced https://www.aeaweb.org/articles?id=10.1257/jel.61.4.1579.r7 | ||
| 773 | _aJournal of Economic Literature | ||
| 942 | _cAR | ||